LDR 00700naa#a2200181#i#450# 001 EN\\bibl\120259 005 20260416171344.4 011 ## _a1819-4036 100 ## _a20210331b2021####ek#y0engy0150####ca 102 ## _aRU 200 1# _aINFLUENCE OF THE LEVEL OF MINERAL NUTRITION ON THE ELEMENTS OF THE STRUCTURE OF THE YIELD OF SPRING WHEAT IN THE FOREST-STEPPE ZONE OF THE TRANS-URALS _eJournal article 210 1# _aKrasnoyarsk _cKrasnoyarsk State Agrarian University _d2021 215 ## _a6 с. 608 ## _aJournal article _2local 675 ## _aОбщие вопросы сельского хозяйства. 631 _z 700 #1 _aDemina _gOksana Nikolaevna 700 #1 _aEremina _gDiana Vasil'evna 856 4# _avestnik.kgau.ru _u